| 000 | 00450nam a22001337a 4500 | ||
|---|---|---|---|
| 020 | _a0-8031-1871-6 | ||
| 082 | _a620.1126 THE | ||
| 100 |
_aSEHITOGLU, HUSEYIN _964258 |
||
| 245 | _aTHERMOMECHANICAL FATIGUE BEHAVIOR OF MATERIALS | ||
| 260 |
_aUSA _bASTM _c1993 |
||
| 300 | _a251P | ||
| 650 |
_aALLOYS THERMOMECHANICAL PROPERTIES, COMPOSITE MATERIALS ,FATIGUE BEHAVIOR OF MATERIALSTHERMOMECHANICAL PROPERTIES, FRACTURE MECHANICS _964259 |
||
| 942 | _cBK | ||
| 999 |
_c572814 _d572814 |
||